000 00692nam a22001937a 4500
999 _c175298
_d175298
005 20200821143909.0
010 _aENG-128364
020 _c699.00
_a9789353436919
035 _aEN-111896
037 _bDBAD/PUB
082 _a000
100 _aBhardwaj,A.P
245 _aPrevious years' Papers of CLAT,AILET PU and DU:
_cby A.P. Bhardwaj
_balso useful for HPU,KU,BHU,AIL MAH (CET),HP (NLU),and symbiosis
250 _a4th ed.
260 _aNoida
_bPearson
_c2020
270 _a15th floor,Tower-B,Word Trade Tower,Plot no.1,Block-C sec 16,
_bNoida
_e201301
_k04466540100
_mcompanysecretary.india@pearson.com
300 _axv;781p.
_c25cm(pbk)
942 _2ddc
_cEN
_h000
_mBHA